| 000 | 00642nam a22002057a 4500 | ||
|---|---|---|---|
| 003 | OSt | ||
| 005 | 20160321165427.0 | ||
| 008 | 160318b xxu||||| |||| 00| 0 eng d | ||
| 020 | _a0521787291 | ||
| 040 |
_aKABU _cKABU |
||
| 050 |
_aPN3171 _b.N37 2000 |
||
| 100 | _aNeelands, Jonathan | ||
| 245 |
_aStructuring Drama Work _ba handbook of available forms in theatre and drama _cJonothan Nelands and Tony Goode |
||
| 250 | _a2nd ed. | ||
| 260 |
_aCambridge, UK _bCambridge University Press _c2000 |
||
| 300 | _a116p. | ||
| 650 | _aDrama (Music) | ||
| 700 | _aGoode,Tony | ||
| 942 |
_2lcc _cBK _hPN3171 _i.N37 2000 C.1 |
||
| 999 |
_c15874 _d15874 |
||